Städte an der Ruhr - Sudden Death - Statistiken

Allgemein
  • Dieses Quiz wurde 252 mal gespielt
  • Das Durchschnittsergebnis liegt bei 4 aus 13
Answers on the Grid
Answers color-coded by a green-red scale on the quiz's grid according to % correct below.
Essen
Münster
Hamm
Duisburg
Remscheid
Borken
Arnsberg
Werne
Schwerte
Grevenbroich
Bergisch Gladbach
Herne
Winterberg
Haltern
Hagen
Wesel
Wetter
Mülheim
Soest
Coesfeld
Plettenberg
Bochum
Gütersloh
Recklinghausen
Hattingen
Neuss
Meschede
Marl
Dinslaken
Iserlohn
Dortmund
Lünen
 
Antwortstatistiken
Antwort % Korrekt
Essen
87%
Duisburg
61%
Bochum
44%
Dortmund
42%
Mülheim
41%
Wetter
24%
Hagen
22%
Hattingen
21%
Schwerte
19%
Arnsberg
14%
Iserlohn
12%
Winterberg
11%
Meschede
10%
Keine übereinstimmenden Quizze gefunden
Verteilung der Resultate
Anzahl Personen mit jedem Resultat
Perzentil nach korrekt beantworteten Fragen
Ihre Resultats-Entwicklung
Sie haben dieses Quiz noch nicht gespielt